00294nam a2200121Ia 4500008004100000041000900041082001900050100002700069245002200096260003800118300000800156650000800164230718s9999 xx 000 0 und d aEng. a346.082bKEM-L aKemy and 9 M. Saddique 0aLand Revenue 1967 aPakistanbMusical laws hadec2004 a346 aLaw